[Event "Lansing (Mini-Swiss.2/1)"]
[Site "?"]
[Date "1995.??.??"]
[Round "?"]
[White "Crysler, Jerry"]
[Black "Eck, J."]
[Result "1-0"]
[WhiteElo "1605"]
[BlackElo "1665"]
[PlyCount "72"]
[EventDate "1995.??.??"]

{2/(1)} 1. Nf3 d6 2. Nc3 e5 3. Ne4 Be7 4. d4 exd4 5. Qxd4 Nf6 6. Nxf6+ Bxf6 7.
Qe4+ Be6 8. Qxb7 Nd7 9. c3 O-O 10. e3 Nb6 11. Qe4 Re8 12. Bd3 g6 13. Qb4 a5 14.
Qb5 Bd5 15. Be2 c6 16. Qd3 Bc4 17. Qc2 Qd7 18. O-O a4 19. Bxc4 Nxc4 20. b3 axb3
21. Qxb3 d5 22. Nd2 Ne5 23. a4 Qf5 24. f3 Rab8 25. Qa2 Qd3 26. Nb3 Qxc3 27. Nd4
Nc4 28. Kh1 Nxe3 29. Bxe3 Qxe3 30. Nxc6 Rb2 31. Qxd5 Re2 32. Rg1 Bxa1 33. h3
Re1 34. Rxe1 Qxe1+ 35. Kh2 Be5+ 36. f4 Bxf4+ 1-0

[Event "Gaylord (NMO/1/8)"]
[Site "?"]
[Date "1995.??.??"]
[Round "?"]
[White "Crysler, Jerry"]
[Black "Croel, Duane"]
[Result "1-0"]
[WhiteElo "1605"]
[BlackElo "1835"]
[PlyCount "69"]
[EventDate "1995.??.??"]

{1/(8)} 1. e3 d5 2. Ne2 e5 3. Ng3 Nf6 4. Be2 Bd6 5. d3 Nc6 6. O-O O-O 7. Nd2
Bd7 8. c3 Ne8 9. e4 d4 10. Nc4 f5 11. Qb3 f4 12. Nxd6+ Kh8 13. Nf7+ Rxf7 14.
Qxf7 Nd6 15. Qh5 g6 16. Qf3 fxg3 17. fxg3 Kg8 18. Bh6 Qe7 19. Qf6 Qxf6 20. Rxf6
Nf7 21. Bd2 Kg7 22. Raf1 Bf5 23. Rxf7+ Kxf7 24. exf5 gxf5 25. Rxf5+ Ke6 26. Bg4
Kd5 27. c4+ Kd6 28. Rf6+ Ke7 29. Bg5 Ke8 30. Bh5+ Kd7 31. Rf7+ Kd6 32. Rxh7 Rg8
33. Rh6+ Kc5 34. Bd2 e4 35. dxe4 1-0

[Event "Lansing (Mini-Swiss.3/1)"]
[Site "?"]
[Date "1995.??.??"]
[Round "?"]
[White "Crysler, Jerry"]
[Black "Belill, Nathan"]
[Result "1-0"]
[WhiteElo "1605"]
[BlackElo "1605"]
[PlyCount "65"]
[EventDate "1995.??.??"]

{3/(1)} 1. e3 e5 2. d3 d5 3. Ne2 Nf6 4. Ng3 Nc6 5. Be2 Bc5 6. O-O Be6 7. c3 Qd7
8. b4 Bd6 9. Nd2 O-O-O 10. a4 d4 11. b5 dxc3 12. bxc6 Qxc6 13. Nc4 Bc5 14. Nxe5
Qd5 15. d4 Bb6 16. Bc4 Qd6 17. Qd3 Qxe5 18. dxe5 Rxd3 19. Bxd3 Nd5 20. a5 Bc5
21. Ne4 Bb4 22. Ba3 Bxa5 23. Bc5 b6 24. Rxa5 bxa5 25. Bxa7 Nb4 26. Rb1 Rd8 27.
Be2 h6 28. Nxc3 Rd2 29. Bf3 Rc2 30. Na4 Ba2 31. Rd1 Bb3 32. Nc5 Bc4 33. Bb7#
1-0

[Event "Gaylord (NMO/4/4)"]
[Site "?"]
[Date "1995.??.??"]
[Round "?"]
[White "Croel, Duane"]
[Black "Swartz, J."]
[Result "1-0"]
[WhiteElo "1835"]
[BlackElo "1605"]
[PlyCount "95"]
[EventDate "1995.??.??"]

{4/(4)} 1. d4 Nf6 2. c4 e6 3. Nf3 c6 4. e3 d5 5. Bd3 Ne4 6. O-O Nd7 7. Nbd2
Ndf6 8. Qc2 Nd6 9. c5 Nf5 10. Ne5 Be7 11. Ndf3 Nd7 12. Nxd7 Bxd7 13. Ne5 O-O
14. g4 Nh6 15. Bxh7+ Kh8 16. f4 Be8 17. Bd3 f6 18. Ng6+ Bxg6 19. Bxg6 f5 20.
gxf5 exf5 21. Qg2 Rf6 22. Bh5 g6 23. Bxg6 Qg8 24. Bh5 Qxg2+ 25. Kxg2 Rg8+ 26.
Kh1 Ng4 27. Bxg4 Rxg4 28. Bd2 Rfg6 29. Rg1 Bh4 30. Rxg4 fxg4 31. Be1 Bd8 32.
Kg2 Kg8 33. Bf2 Kf7 34. Re1 Ke6 35. e4 Kf7 36. f5 Rh6 37. e5 Bg5 38. Be3 Rh5
39. Bxg5 Rxg5 40. Rf1 b6 41. b4 Rg8 42. Kg3 Rh8 43. Rf2 Rg8 44. Rf4 Rg5 45.
Rxg4 Rxf5 46. Rf4 Kg6 47. Rxf5 Kxf5 48. h4 1-0

[Event "Gaylord (NMO/5/2)"]
[Site "?"]
[Date "1995.??.??"]
[Round "?"]
[White "Croel, Duane"]
[Black "LaMar, Frank"]
[Result "1/2-1/2"]
[WhiteElo "1835"]
[BlackElo "2170"]
[PlyCount "63"]
[EventDate "1995.??.??"]

{5/(2)} 1. d4 Nf6 2. c4 c5 3. d5 b5 4. cxb5 a6 5. Nc3 d6 6. e4 g6 7. f4 Bg7 8.
Nf3 O-O 9. Bd3 axb5 10. Bxb5 Ba6 11. Qe2 Qa5 12. Bxa6 Nxa6 13. O-O Rfb8 14. e5
Ne8 15. f5 Nec7 16. e6 fxe6 17. fxg6 hxg6 18. Qe4 Rf8 19. Qxg6 Rf6 20. Qg4 Qb4
21. Ne4 Raf8 22. Nxf6+ Rxf6 23. Qxb4 Nxb4 24. Bg5 Rf7 25. dxe6 Nxe6 26. Rae1
Nxg5 27. Nxg5 Rxf1+ 28. Kxf1 Bxb2 29. Rxe7 Nxa2 30. Rd7 c4 31. Rxd6 c3 32. Rc6
1/2-1/2

[Event "Gaylord (NMO/2/14)"]
[Site "?"]
[Date "1995.??.??"]
[Round "?"]
[White "Croel, Duane"]
[Black "Hosking, R."]
[Result "1-0"]
[WhiteElo "1835"]
[BlackElo "1605"]
[PlyCount "72"]
[EventDate "1995.??.??"]

{2/(14)} 1. d4 Nf6 2. c4 e6 3. Nf3 Bb4+ 4. Bd2 Bxd2+ 5. Nbxd2 d6 6. e3 Nbd7 7.
Bd3 b6 8. Qc2 Bb7 9. O-O Qe7 10. e4 e5 11. b4 a5 12. a3 c5 13. bxc5 bxc5 14. d5
Nh5 15. g3 O-O 16. Nh4 Ndf6 17. Nf5 Qd7 18. Rab1 g6 19. Nxd6 Qh3 20. Nxb7 Ng4
21. Nf3 Ra6 22. Rfc1 Rf6 23. Bf1 Qxf1+ 24. Rxf1 Rxf3 25. Nxc5 f5 26. Nd7 Rf7
27. h3 Ne3 28. fxe3 Rxg3+ 29. Kh2 Rxe3 30. Nxe5 Re7 31. Rb8+ Kg7 32. Qb2 Nf6
33. Nc6 R7xe4 34. Rf2 Rh4 35. Rb7+ Kh6 36. Kg1 Ne4 1-0

[Event "East Lansing (MI Op/3/30)"]
[Site "?"]
[Date "1995.??.??"]
[Round "?"]
[White "Croel, Duane"]
[Black "Golonka, Stan"]
[Result "0-1"]
[WhiteElo "1835"]
[BlackElo "1975"]
[PlyCount "44"]
[EventDate "1995.??.??"]

{3/(30)} 1. d4 c5 2. d5 e5 3. c4 d6 4. Nc3 Nf6 5. e4 Nbd7 6. f4 exf4 7. Nf3 Nh5
8. Be2 g6 9. O-O Bg7 10. Qa4 O-O 11. Nb5 Nb6 12. Qc2 a6 13. Nc3 g5 14. Ne1 Bd4+
15. Kh1 Ng7 16. Nf3 Bf6 17. Bd3 h6 18. Qf2 Nd7 19. Bd2 b6 20. Rac1 Nh5 21. Be2
g4 22. Ne1 Bd4 0-1

[Event "East Lansing (MI Op/1a/14)"]
[Site "?"]
[Date "1995.??.??"]
[Round "?"]
[White "Croel, Duane"]
[Black "Baze, Lineas"]
[Result "0-1"]
[WhiteElo "1835"]
[BlackElo "2050"]
[PlyCount "52"]
[EventDate "1995.??.??"]

1. d4 Nf6 2. c4 g6 3. Nc3 Bg7 4. e4 d6 5. f4 O-O 6. Nf3 c5 7. d5 e6 8. Be2 exd5
9. e5 dxe5 10. fxe5 Ng4 11. Bg5 Qa5 12. Qxd5 Nc6 13. O-O h6 14. h3 Be6 15. Qd2
hxg5 16. hxg4 Nxe5 17. Nxe5 Bxe5 18. Qxg5 Bd4+ 19. Kh1 Kg7 20. Rf3 Rh8+ 21. Rh3
Bxc3 22. bxc3 Qxc3 23. Rf1 Rxh3+ 24. gxh3 Qxh3+ 25. Kg1 Qg3+ 26. Kh1 Rh8+ 0-1

[Event "East Lansing (MI Op/5/31)"]
[Site "?"]
[Date "1995.??.??"]
[Round "?"]
[White "Croel, Duane"]
[Black "Aldrich, Jeff"]
[Result "0-1"]
[WhiteElo "1835"]
[BlackElo "1925"]
[PlyCount "72"]
[EventDate "1995.??.??"]

{5/(31)} 1. d4 d5 2. c4 c6 3. cxd5 cxd5 4. Nc3 Nc6 5. Nf3 e6 6. Bf4 Nf6 7. e3
a6 8. a3 Be7 9. Bd3 O-O 10. Qc2 h6 11. b4 Bd7 12. O-O Nh5 13. Be5 Rc8 14. Qb2
Be8 15. Rfc1 f6 16. Bg3 Nxg3 17. hxg3 e5 18. Nxd5 Bf7 19. Nxe7+ Qxe7 20. dxe5
fxe5 21. Be4 Be8 22. Nxe5 Nxe5 23. Rxc8 Ng4 24. Bf3 Rxf3 25. gxf3 Ne5 26. Kg2
Kh7 27. Qc2+ Bg6 28. Qc7 Qf6 29. Qxb7 Nxf3 30. Rac1 Ng5 31. R8c4 Be4+ 32. Rxe4
Qf3+ 33. Kf1 Nxe4 34. Qxe4+ Qxe4 35. Ke2 Qd5 36. Rc2 Qb3 0-1

[Event "East Lansing (Beg/2/6)"]
[Site "?"]
[Date "1995.??.??"]
[Round "?"]
[White "Crist, Kevin"]
[Black "Klein, N."]
[Result "0-1"]
[WhiteElo "1605"]
[BlackElo "1605"]
[PlyCount "84"]
[EventDate "1995.??.??"]

{2/(6)} 1. d3 d5 2. Nc3 d4 3. Ne4 e5 4. e3 f5 5. Ng3 Bb4+ 6. Bd2 Bxd2+ 7. Qxd2
Nc6 8. e4 f4 9. N3e2 Be6 10. Nc1 Qd6 11. Nf3 Qb4 12. c3 dxc3 13. bxc3 Qe7 14.
Be2 g5 15. d4 exd4 16. cxd4 g4 17. Ng1 Qb4 18. d5 O-O-O 19. Nd3 Qxe4 20. dxe6
Qxg2 21. Qxf4 Qxh1 22. Qxg4 Nf6 23. Qg7 Rhg8 24. Bf3 Qxg1+ 25. Qxg1 Rxg1+ 26.
Ke2 Rxa1 27. Nc5 Rxa2+ 28. Kf1 Rc2 29. Nb3 Rc3 30. Na1 Rxf3 31. Kg2 Ra3 32. Nc2
Rc3 33. Ne1 b5 34. Nf3 b4 35. Ng5 Rg8 36. f4 h6 37. Kf2 hxg5 38. f5 g4 39. e7
Nxe7 40. Kg2 Rd8 41. h3 Rd2+ 42. Kf1 Rc1# 0-1

[Event "East Lansing (Beg/5/14)"]
[Site "?"]
[Date "1995.??.??"]
[Round "?"]
[White "Crist, Kevin"]
[Black "Kenworthy, K."]
[Result "1-0"]
[WhiteElo "1605"]
[BlackElo "1605"]
[PlyCount "91"]
[EventDate "1995.??.??"]

{5/(14)} 1. e4 e5 2. Nf3 Nc6 3. Bb5 Qe7 4. O-O Nd4 5. Nxd4 exd4 6. d3 Nf6 7.
Re1 Qe5 8. Ba4 Bb4 9. Bd2 Bxd2 10. Nxd2 O-O 11. Nf3 Qd6 12. c3 Qa6 13. Nxd4 d6
14. Nf5 d5 15. e5 Bxf5 16. exf6 Qxf6 17. Qf3 c6 18. d4 Qg6 19. Rad1 Be4 20. Qg3
b5 21. Bb3 h5 22. f3 h4 23. Qxh4 Bxf3 24. g3 Bxd1 25. Bxd1 Rae8 26. Rf1 Re3 27.
Qh3 Rfe8 28. Bh5 Qf6 29. Rxf6 gxf6 30. Qf5 Kg7 31. Kg2 Kh6 32. Bd1 b4 33. Qxf6+
Kh7 34. Qxf7+ Kh6 35. Qf6+ Kh7 36. Qxc6 bxc3 37. bxc3 Re1 38. Bh5 R8e6 39. Qxd5
Rh6 40. Qf5+ Kg7 41. Qf7+ Kh8 42. g4 Re2+ 43. Kg3 Ree6 44. g5 Re3+ 45. Kf4 Rh7
46. Qf8# 1-0

[Event "East Lansing (Beg/3/6)"]
[Site "?"]
[Date "1995.??.??"]
[Round "?"]
[White "Crist, Kevin"]
[Black "Hamade, Wael"]
[Result "0-1"]
[WhiteElo "1605"]
[BlackElo "1605"]
[PlyCount "48"]
[EventDate "1995.??.??"]

{3/(6)} 1. d3 e5 2. e4 Nf6 3. Nf3 d6 4. d4 Bg4 5. Be2 g6 6. dxe5 dxe5 7. Nxe5
Bxe2 8. Qxe2 Bd6 9. Nc4 O-O 10. e5 Re8 11. Bg5 Nbd7 12. O-O Bxe5 13. Re1 Bxh2+
14. Kxh2 Rxe2 15. Rxe2 c5 16. Nbd2 Ng4+ 17. Kg1 Qxg5 18. Rae1 Ndf6 19. f3 b5
20. Nd6 Rd8 21. N6e4 Nxe4 22. Nxe4 Qd5 23. Nc3 Qd4+ 24. Kf1 Nh2# 0-1

[Event "Troy (TCC Beg/4/7)"]
[Site "?"]
[Date "1995.??.??"]
[Round "?"]
[White "Cowans, Winston"]
[Black "Venia, A."]
[Result "1-0"]
[WhiteElo "1605"]
[BlackElo "1605"]
[PlyCount "67"]
[EventDate "1995.??.??"]

{4/(7)} 1. c4 Nf6 2. Nc3 g6 3. Nf3 Bg7 4. d4 d5 5. Bf4 O-O 6. e3 Nbd7 7. cxd5
Nb6 8. e4 Bg4 9. Be2 Bxf3 10. Bxf3 Nc4 11. Qb3 Nb6 12. Nb5 Rc8 13. Nxa7 Ra8 14.
Nb5 Rc8 15. Rc1 Ne8 16. O-O c6 17. dxc6 bxc6 18. Na7 Ra8 19. Nxc6 Qd7 20. Qxb6
Rxa2 21. h3 Nf6 22. e5 Nd5 23. Bxd5 Qxd5 24. Nxe7+ Kh8 25. Nxd5 Raa8 26. Rc7
Kg8 27. Nf6+ Bxf6 28. exf6 h5 29. Bh6 Rfe8 30. Qb7 Rad8 31. Rxf7 h4 32. Rg7+
Kh8 33. Rh7+ Kg8 34. Qf7# 1-0

[Event "East Lansing (MOR/2/36)"]
[Site "?"]
[Date "1995.??.??"]
[Round "?"]
[White "Cowans, Winston"]
[Black "Tanner, M."]
[Result "1-0"]
[WhiteElo "1605"]
[BlackElo "1605"]
[PlyCount "47"]
[EventDate "1995.??.??"]

{2/(36)} 1. e4 c5 2. Nf3 Nc6 3. d4 cxd4 4. Nxd4 Nf6 5. Nc3 g6 6. Be3 Bg7 7. f3
O-O 8. Qd2 Re8 9. O-O-O a6 10. Bc4 d6 11. g4 b5 12. Nxc6 Qc7 13. Bd5 Bb7 14.
Nd4 b4 15. Bxb7 Qxb7 16. Nb1 Rec8 17. h4 a5 18. h5 Nd7 19. hxg6 fxg6 20. Rh2
Nf8 21. Rdh1 e5 22. Ne6 Nxe6 23. Rxh7 Rxc2+ 24. Kxc2 1-0

[Event "Troy (TCC Beg/3/4)"]
[Site "?"]
[Date "1995.??.??"]
[Round "?"]
[White "Cowans, Winston"]
[Black "Ross, A."]
[Result "0-1"]
[WhiteElo "1605"]
[BlackElo "1605"]
[PlyCount "122"]
[EventDate "1995.??.??"]

{3/(4)} 1. e4 c5 2. Nf3 d6 3. d4 cxd4 4. Nxd4 Nf6 5. Nc3 a6 6. Bc4 e5 7. Nf3 b5
8. Bb3 Be7 9. O-O O-O 10. Bg5 Nbd7 11. Nd5 Bb7 12. h4 Nxd5 13. Bxd5 Bxd5 14.
exd5 Bxg5 15. Nxg5 Nf6 16. f4 e4 17. Qd4 Re8 18. Rae1 Re7 19. g3 Qe8 20. Re2 h6
21. Nh3 e3 22. Rfe1 Re4 23. Qd3 Ng4 24. Kg2 f5 25. Rf1 b4 26. c3 bxc3 27. bxc3
Qe7 28. Rb1 Re8 29. Qxa6 Nf6 30. Rb7 Qf8 31. Qb5 R4e7 32. Rb6 Ne4 33. Qb4 Qf6
34. Rxe3 g5 35. hxg5 hxg5 36. Nxg5 Nxg5 37. Rxd6 Rxe3 38. fxg5 Re2+ 39. Kh3
Qxg5 40. Qc4 Qh5+ 41. Qh4 Qxh4+ 42. Kxh4 R8e4+ 43. Kg5 Rg4+ 44. Kxf5 Rxg3 45.
Rd8+ Kf7 46. Kf4 Rge3 47. d6 Rxc3 48. d7 Rd3 49. Kf5 Re1 50. a4 Red1 51. a5
Rxd7 52. Rc8 R1d5+ 53. Ke4 Rxa5 54. Rc1 Rad5 55. Rf1+ Ke8 56. Rh1 Rd4+ 57. Ke3
R4d6 58. Rh8+ Ke7 59. Rh7+ Kd8 60. Rxd7+ Rxd7 61. Ke4 Rd1 0-1

[Event "East Lansing (MOR/1a/12)"]
[Site "?"]
[Date "1995.??.??"]
[Round "?"]
[White "Cowans, Winston"]
[Black "Rosenberg, Steve"]
[Result "0-1"]
[WhiteElo "1605"]
[BlackElo "1705"]
[PlyCount "54"]
[EventDate "1995.??.??"]

1. e4 d5 2. e5 Bf5 3. d4 e6 4. Bd3 Bg6 5. Bxg6 hxg6 6. Nf3 c5 7. c3 Nc6 8. Qc2
Rc8 9. Be3 cxd4 10. Bxd4 Nh6 11. Qa4 a6 12. O-O Nf5 13. Nbd2 Be7 14. Nb3 Kf8
15. c4 dxc4 16. Nc5 Ncxd4 17. Nd7+ Kg8 18. Nxd4 Nxd4 19. Rad1 b5 20. Qxa6 Qxd7
21. a4 Ne2+ 22. Kh1 Qc6 23. axb5 Qxa6 24. bxa6 Bc5 25. Ra1 Rh5 26. Rfb1 Bxf2
27. a7 Ng3# 0-1

[Event "East Lansing (MOR/5/28)"]
[Site "?"]
[Date "1995.??.??"]
[Round "?"]
[White "Cowans, Winston"]
[Black "Boyle, John"]
[Result "0-1"]
[WhiteElo "1605"]
[BlackElo "1605"]
[PlyCount "34"]
[EventDate "1995.??.??"]

{5/(28)} 1. e4 c5 2. Nf3 Nc6 3. d4 cxd4 4. Nxd4 g6 5. Bb5 Bg7 6. Bxc6 bxc6 7.
Nc3 Nf6 8. O-O O-O 9. Qd3 Qb6 10. Re1 Ba6 11. Qd1 Nxe4 12. Rxe4 d5 13. Rxe7
Bxd4 14. Qf3 Rae8 15. Rxe8 Rxe8 16. Bh6 Qxb2 17. Rb1 Qxb1+ 0-1

[Event "East Lansing (MOR/7/25)"]
[Site "?"]
[Date "1995.??.??"]
[Round "?"]
[White "Cowans, Winston"]
[Black "Aldrich, Justin"]
[Result "1-0"]
[WhiteElo "1605"]
[BlackElo "1605"]
[PlyCount "65"]
[EventDate "1995.??.??"]

{7/(25)} 1. e4 e5 2. f4 exf4 3. Nf3 d5 4. e5 Bg4 5. d4 f6 6. Bxf4 Nc6 7. Bd3
fxe5 8. dxe5 Qe7 9. O-O Qc5+ 10. Kh1 Nd4 11. Nbd2 Be7 12. Be3 Qb6 13. c3 Qxb2
14. cxd4 Qc3 15. Qc2 Qa5 16. Ng5 h6 17. Bg6+ Kd8 18. Nf7+ Kd7 19. Bf5+ Bxf5 20.
Qxf5+ Ke8 21. e6 Nf6 22. Nxh8 Kd8 23. Rfc1 Bb4 24. Nb3 Qb6 25. Bf4 Bd6 26. Nf7+
Ke7 27. Bxd6+ cxd6 28. Rc2 a5 29. Rac1 Ne8 30. Nh8 Nf6 31. Rc7+ Kf8 32. Qg6 Kg8
33. Qxg7# 1-0

[Event "Troy (TCC Res/1/5)"]
[Site "?"]
[Date "1995.??.??"]
[Round "?"]
[White "Coronel, R."]
[Black "Smeckert, Dennis"]
[Result "1-0"]
[WhiteElo "1745"]
[BlackElo "1605"]
[PlyCount "89"]
[EventDate "1995.??.??"]

{1/(5)} 1. e4 e5 2. Nf3 Nc6 3. c3 Nf6 4. d3 Be7 5. h3 d6 6. Be3 O-O 7. Nbd2 Be6
8. Be2 Ne8 9. g4 Bh4 10. Nxh4 Qxh4 11. g5 Qxh3 12. Rxh3 Bxh3 13. Nf3 Be6 14.
Kd2 f5 15. gxf6 Rxf6 16. Ng5 Bf7 17. Nxf7 Rxf7 18. Qh1 Nf6 19. Rg1 d5 20. f3 d4
21. Bg5 dxc3+ 22. bxc3 Raf8 23. Qh3 Ne7 24. Qe6 Ng6 25. Bxf6 gxf6 26. d4 exd4
27. cxd4 Kh8 28. Ke3 f5 29. e5 c5 30. d5 Re7 31. Rxg6 f4+ 32. Ke4 Rxe6 33. Rxe6
Rf7 34. Rh6 Kg7 35. Rh4 Kf8 36. e6 Rg7 37. Rxf4+ Ke8 38. Bc4 a6 39. a4 h5 40.
Rh4 Ke7 41. Rxh5 Kd6 42. f4 Rg1 43. Rh7 Re1+ 44. Kf5 Rc1 45. Rd7# 1-0

[Event "Troy (TCC Res/3/9)"]
[Site "?"]
[Date "1995.??.??"]
[Round "?"]
[White "Coronel, R."]
[Black "Rosebrook, G."]
[Result "1/2-1/2"]
[WhiteElo "1745"]
[BlackElo "1605"]
[PlyCount "102"]
[EventDate "1995.??.??"]

{3/(9)} 1. e4 c5 2. Nf3 g6 3. d4 Bg7 4. Be3 Nf6 5. Nc3 b6 6. dxc5 Bb7 7. Bd3
Nc6 8. O-O Ng4 9. Bf4 bxc5 10. Qd2 d6 11. h3 Nge5 12. Nxe5 dxe5 13. Bh6 O-O 14.
Bxg7 Kxg7 15. Nd5 e6 16. Ne3 f5 17. f3 Qe7 18. Qc3 Rad8 19. Rad1 h5 20. Qe1 a5
21. c3 a4 22. Bb5 Na5 23. Bxa4 f4 24. Nc2 Nc4 25. b3 Nb2 26. Rxd8 Rxd8 27. Bb5
Rd1 28. Qe2 Rxf1+ 29. Kxf1 Qd6 30. Ke1 Qb6 31. Na3 c4 32. Bxc4 Qg1+ 33. Kd2 Qc5
34. Kc1 Nxc4 35. Nxc4 Ba6 36. Kb2 Kf6 37. Qd3 Ke7 38. Qc2 Kf6 39. Nd2 Qf2 40.
Nc4 Qc5 41. Qe2 Ke7 42. Qe1 Bxc4 43. bxc4 Qxc4 44. Qd1 Qb5+ 45. Qb3 Qe2+ 46.
Qc2 Qb5+ 47. Ka3 Qa5+ 48. Qa4 Qxc3+ 49. Qb3 Qa5+ 50. Kb2 Qd2+ 51. Qc2 Qb4+
1/2-1/2

[Event "Troy (TCC Res/4/8)"]
[Site "?"]
[Date "1995.??.??"]
[Round "?"]
[White "Coronel, R."]
[Black "Hartwig, Thomas"]
[Result "0-1"]
[WhiteElo "1745"]
[BlackElo "1605"]
[PlyCount "60"]
[EventDate "1995.??.??"]

{4/(8)} 1. e4 c5 2. Nf3 d6 3. d4 cxd4 4. Nxd4 Nf6 5. Nc3 g6 6. f3 Bg7 7. Bg5
O-O 8. Bc4 Nc6 9. Qd2 Bd7 10. O-O-O Rc8 11. Bb3 Nxe4 12. Nxe4 Nxd4 13. Bh6
Nxb3+ 14. axb3 Qc7 15. Bxg7 Kxg7 16. h4 h5 17. g4 hxg4 18. h5 Rh8 19. Qd4+ e5
20. Qd2 Bf5 21. c3 gxf3 22. Nxd6 Rcd8 23. Nxf5+ gxf5 24. Qg5+ Kh7 25. Qxf5+ Kh6
26. Qf6+ Kh7 27. Rdg1 Rhg8 28. h6 Rg6 29. Rxg6 fxg6 30. Qxg6+ Kxg6 0-1

[Event "East Lansing (Class C/3/1)"]
[Site "?"]
[Date "1995.??.??"]
[Round "?"]
[White "Cooper, Willie"]
[Black "al-Shareef, Robert"]
[Result "0-1"]
[WhiteElo "1605"]
[BlackElo "1605"]
[PlyCount "80"]
[EventDate "1995.??.??"]

{3/(1)} 1. c4 Nf6 2. Nc3 e6 3. Nf3 b6 4. d3 Bb7 5. g3 Be7 6. Bg2 O-O 7. O-O d6
8. e3 Nbd7 9. d4 d5 10. Ne5 Rb8 11. Nb5 a6 12. Na7 Nxe5 13. dxe5 Ne8 14. cxd5
exd5 15. Qc2 c5 16. Rd1 Qc7 17. Bxd5 Bxd5 18. Rxd5 Qxa7 19. Qf5 Rd8 20. e4 g6
21. Qh3 Ng7 22. Bh6 Rfe8 23. Rad1 Rxd5 24. Rxd5 Rd8 25. Bxg7 Kxg7 26. e6 Rxd5
27. exd5 Bd6 28. b3 Qb7 29. Qg2 fxe6 30. dxe6 Qxg2+ 31. Kxg2 Kf6 32. Kf3 Kxe6
33. Ke4 h5 34. a4 b5 35. axb5 axb5 36. h4 Be5 37. f4 Bd4 38. b4 Bf2 39. bxc5
Bxc5 40. g4 hxg4 0-1

[Event "East Lansing (Class C/5/8)"]
[Site "?"]
[Date "1995.??.??"]
[Round "?"]
[White "Cooper, Willie"]
[Black "Salami, Samer"]
[Result "0-1"]
[WhiteElo "1605"]
[BlackElo "1605"]
[PlyCount "110"]
[EventDate "1995.??.??"]

{5/(8)} 1. e4 e5 2. Nf3 Nc6 3. Bc4 Bc5 4. O-O d6 5. d3 Bg4 6. h3 Bh5 7. Bg5 Nf6
8. Nc3 Nd4 9. Bxf6 Qxf6 10. Nd5 Qd8 11. g4 Bg6 12. b4 Nxf3+ 13. Qxf3 Bb6 14.
Nxb6 axb6 15. b5 O-O 16. Bd5 Ra7 17. a4 Qg5 18. Ra2 Qd2 19. Rd1 Qb4 20. Rda1
Qc5 21. c4 c6 22. Qe3 Qxe3 23. fxe3 cxd5 24. cxd5 Rc8 25. Kf2 Rc3 26. Ke2 Ra8
27. Kd2 Rac8 28. a5 bxa5 29. Rxa5 h6 30. R1a2 Rb3 31. Ra8 Rxa8 32. Rxa8+ Kh7
33. Rd8 Rxb5 34. Rxd6 Rc5 35. Rb6 Rc7 36. d6 Rd7 37. Kc3 f6 38. Kc4 Bf7+ 39.
Kc5 Kg6 40. d4 Kg5 41. d5 Be8 42. Rb1 Kh4 43. Kb6 Rxd6+ 44. Kxb7 Kxh3 45. Kc7
Rd7+ 46. Kc6 Kxg4 47. d6 Kf3 48. Rb8 Rd8+ 49. Kc7 Rxb8 50. Kxb8 g5 51. Kc7 g4
52. Kd8 Ba4 53. Ke7 g3 54. Kxf6 Kxe4 55. Ke6 g2 0-1

[Event "Eastpointe (MCO/2/33)"]
[Site "?"]
[Date "1995.??.??"]
[Round "?"]
[White "Cooper, Willie"]
[Black "Renauer, D."]
[Result "1-0"]
[WhiteElo "1605"]
[BlackElo "1605"]
[PlyCount "59"]
[EventDate "1995.??.??"]

{2/(33)} 1. c4 b6 2. d4 Bb7 3. Nc3 e6 4. e4 Nf6 5. e5 Ne4 6. Nxe4 Bxe4 7. Ne2
c5 8. Nc3 Bf5 9. Be2 cxd4 10. Nb5 Nc6 11. O-O Bc5 12. Bf4 O-O 13. Bf3 Qc8 14.
a3 a6 15. b4 Be7 16. Nd6 Bxd6 17. exd6 e5 18. Bxc6 Qxc6 19. Bxe5 Qxc4 20. Rc1
Qd5 21. Qxd4 Qxd4 22. Bxd4 Rab8 23. a4 a5 24. b5 Rfe8 25. Be3 Re4 26. Bxb6 Rxa4
27. Ba7 Re8 28. f3 Bd3 29. Rfe1 Re6 30. Rc8+ 1-0

[Event "Eastpointe (MCO/4/30)"]
[Site "?"]
[Date "1995.??.??"]
[Round "?"]
[White "Cooper, Willie"]
[Black "Frantz, John W"]
[Result "1-0"]
[WhiteElo "1605"]
[BlackElo "1605"]
[PlyCount "29"]
[EventDate "1995.??.??"]

{4/(30)} 1. c4 g6 2. d4 Bg7 3. e4 e6 4. Nc3 c6 5. Nf3 Qa5 6. Bd2 b5 7. Nxb5 Qb6
8. c5 Qb7 9. Nd6+ Kf8 10. Nxb7 Bxb7 11. Bc3 Ne7 12. Bd3 Nc8 13. Qb3 Ba6 14.
Bxa6 Nxa6 15. Qb7 1-0

[Event "East Lansing (Class C/1/13)"]
[Site "?"]
[Date "1995.??.??"]
[Round "?"]
[White "Cooper, Willie"]
[Black "Belill, Mike"]
[Result "1-0"]
[WhiteElo "1605"]
[BlackElo "1605"]
[PlyCount "65"]
[EventDate "1995.??.??"]

{1/(13)} 1. c4 Nf6 2. Nc3 c5 3. Nf3 Nc6 4. g3 e6 5. Bg2 d5 6. cxd5 exd5 7. d4
c4 8. O-O Bf5 9. Ne5 Nb4 10. Re1 Nc2 11. e4 Nxe1 12. Qxe1 Be6 13. exd5 Nxd5 14.
Nxd5 Be7 15. Nf4 O-O 16. Bxb7 Rb8 17. Nxe6 fxe6 18. Nc6 Qd7 19. Nxe7+ Qxe7 20.
Bd5 Rbe8 21. Bxc4 Kh8 22. Bd3 Qf6 23. Be3 e5 24. Qc3 Rc8 25. Qb4 Rb8 26. dxe5
Qxe5 27. Qh4 h5 28. Bf4 Qc5 29. Bg6 Rxb2 30. Qxh5+ Qxh5 31. Bxh5 Rf5 32. Bg6
Ra5 33. Re1 1-0

[Event "East Lansing (MEX/3/7)"]
[Site "?"]
[Date "1995.??.??"]
[Round "?"]
[White "Cooper, T."]
[Black "Perry, R."]
[Result "1-0"]
[WhiteElo "2205"]
[BlackElo "2070"]
[PlyCount "67"]
[EventDate "1995.??.??"]

{3/(7)} 1. e4 c5 2. Nf3 d6 3. c3 Nf6 4. Be2 Nc6 5. d4 cxd4 6. cxd4 Nxe4 7. d5
Qa5+ 8. Nc3 Nxc3 9. bxc3 Nb8 10. O-O g6 11. Qd4 Rg8 12. Re1 Qc5 13. Qa4+ Bd7
14. Qb3 Qc7 15. Rb1 b6 16. Bd3 h6 17. Bf4 Bg7 18. Qa3 Kd8 19. Be3 b5 20. Bxb5
Bxb5 21. Rxb5 Nd7 22. Bd4 Rc8 23. Ra5 Bxd4 24. Nxd4 Ne5 25. Rxa7 Qxc3 26. Qxc3
Rxc3 27. f4 Nd3 28. Rb1 Rc1+ 29. Rxc1 Nxc1 30. Ra8+ Kd7 31. Rxg8 Nxa2 32. Rf8
Nc3 33. Rxf7 Nxd5 34. g3 1-0

[Event "East Lansing (MEX/4/4)"]
[Site "?"]
[Date "1995.??.??"]
[Round "?"]
[White "Cooper, T."]
[Black "Hahn, David"]
[Result "1/2-1/2"]
[WhiteElo "2205"]
[BlackElo "2215"]
[PlyCount "41"]
[EventDate "1995.??.??"]

{4/(4)} 1. e4 d6 2. d4 Nf6 3. Nc3 g6 4. Bc4 Bg7 5. Qe2 Nc6 6. e5 dxe5 7. dxe5
Nd7 8. Bxf7+ Kxf7 9. e6+ Ke8 10. exd7+ Bxd7 11. Be3 Rf8 12. Rd1 Qc8 13. h3 Kf7
14. Nf3 Kg8 15. O-O Kh8 16. Rfe1 Bf5 17. Nd4 Rf6 18. Nd5 Rf7 19. Nc3 Qe8 20.
Nxc6 Qxc6 21. Bd4 1/2-1/2

[Event "East Lansing (MEX/1/9)"]
[Site "?"]
[Date "1995.??.??"]
[Round "?"]
[White "Cooper, T."]
[Black "Fuller, William"]
[Result "1/2-1/2"]
[WhiteElo "2205"]
[BlackElo "2000"]
[PlyCount "96"]
[EventDate "1995.??.??"]

{1/(9)} 1. e4 d6 2. d4 Nf6 3. Nc3 c6 4. Nf3 Bg4 5. Be2 e6 6. O-O Be7 7. h3 Bh5
8. a4 Nbd7 9. Bf4 d5 10. e5 Ne4 11. Nxe4 dxe4 12. Nd2 Bxe2 13. Qxe2 f5 14. exf6
Nxf6 15. Be5 O-O 16. Nxe4 Nxe4 17. Qxe4 Qd5 18. Rae1 Rae8 19. Qg4 Bf6 20. b3 c5
21. c4 Qc6 22. dxc5 Qxc5 23. Qg3 Bxe5 24. Rxe5 Qd4 25. Rfe1 Rf6 26. Qe3 Qb2 27.
Re2 Qb1+ 28. Kh2 b6 29. a5 bxa5 30. Rxa5 Rd8 31. Re1 Qc2 32. Rxa7 h6 33. Raa1
Rd3 34. Qe2 Qxb3 35. Rac1 Qb8+ 36. Kg1 Qb3 37. c5 Rg6 38. f3 Rxf3 39. c6 Rc3
40. c7 Qb6+ 41. Kh1 Qxc7 42. Rxc3 Qxc3 43. Rd1 Kh7 44. Qe4 Qg3 45. Rd3 Qf2 46.
Kh2 e5 47. h4 h5 48. Rd5 Kh6 1/2-1/2

[Event "Eastpointe (MCO/4/37)"]
[Site "?"]
[Date "1995.??.??"]
[Round "?"]
[White "Cooper, A."]
[Black "Gilsinger, J."]
[Result "0-1"]
[WhiteElo "1605"]
[BlackElo "1605"]
[PlyCount "52"]
[EventDate "1995.??.??"]

{4/(37)} 1. d4 g6 2. Nf3 Bg7 3. Bg5 Nf6 4. Nbd2 d6 5. e3 Bg4 6. Be2 Nbd7 7. O-O
O-O 8. h3 Bxf3 9. Nxf3 c6 10. Bd3 e5 11. dxe5 dxe5 12. e4 Qc7 13. Re1 Nc5 14.
Qe2 Nxd3 15. cxd3 Rfe8 16. Bh4 h6 17. b4 b5 18. Nd2 a5 19. bxa5 Qxa5 20. Nb3
Qb6 21. Bg3 Nh5 22. Kh2 Nxg3 23. Kxg3 c5 24. Rac1 Rec8 25. Rc2 Qf6 26. Rec1
Qf4# 0-1